Regional Inequalities in India : An inter-state and intra-state analysis (Record no. 409381)

000 -LEADER
fixed length control field 00432cam a22001097a 4500
008 - FIXED-LENGTH DATA ELEMENTS--GENERAL INFORMATION
fixed length control field 180718b1982 xxu||||| |||| 00| 0 eng d
082 ## - DEWEY DECIMAL CLASSIFICATION NUMBER
Classification number J4x54 So13
245 ## - TITLE STATEMENT
Title Regional Inequalities in India : An inter-state and intra-state analysis
Statement of responsibility, etc. Edited by L.S. Bhatt et al
260 ## - PUBLICATION, DISTRIBUTION, ETC.
Place of publication, distribution, etc. New Delhi
Name of publisher, distributor, etc. Society for the study of regional disparities
Date of publication, distribution, etc. 1982
300 ## - PHYSICAL DESCRIPTION
Extent 272p
650 ## - SUBJECT ADDED ENTRY--TOPICAL TERM
Topical term or geographic name entry element India -Economic conditions - Regional disparities - Congresses
Holdings
Withdrawn status Lost status Damaged status Not for loan Permanent Location Current Location Date acquired Full call number Barcode Date last seen Price effective from Koha item type
        Indian Institute of Public Administration Indian Institute of Public Administration 2009-01-05 J4x54 So13 DA5496 2018-07-21 2018-07-21 DA

Powered by Koha